00473nam a2200145Ia 4500008004100000020001800041082001400059100001500073245005500088260000900143500002200152942000700174952013100181999001500312260604s9999 xx 000 0 und d a9781452282787 a001.4 KIM aKIM935160 0aUNDERSTANDING NARRATIVE INQUIRY THE CRAFTING & ANA bSAGE aResearch, Inquiry cBK 00104070aIIMVbIIMVcLOCKERd2026-06-04g10382.00l0o001.4 KIMp003538r2026-06-04 10:18:14v10382.00w2026-06-04yBKBKIM c7920d7920